Zákazník chce v obchode vždy viac

Kamenná predajňa ako miesto, kam spotrebiteľ príde, nakúpi, čo potrebuje, a rýchlo odchádza, je už dávno prekonaný koncept. Dalo by sa povedať, že aj v maloobchode už dlho prebieha čosi ako globalizácia v malom. Pre to, aby obchodník neprišiel o zákazníka, je potrebné integrovať čo najviac služieb a...

Ausführliche Beschreibung

Gespeichert in:
Bibliographische Detailangaben
1. Verfasser: Kapitán, Peter
Format: Buchkapitel
Sprache:Slowakisch
Schlagworte:
Tags: Tag hinzufügen
Keine Tags, Fügen Sie das erste Tag hinzu!

MARC

LEADER 00000naa a2200000 4500
001 0299652
005 20240417075307.5
041 0 |a slo 
044 |a CZ 
245 1 0 |a Zákazník chce v obchode vždy viac  |c Peter Kapitán 
520 |a Kamenná predajňa ako miesto, kam spotrebiteľ príde, nakúpi, čo potrebuje, a rýchlo odchádza, je už dávno prekonaný koncept. Dalo by sa povedať, že aj v maloobchode už dlho prebieha čosi ako globalizácia v malom. Pre to, aby obchodník neprišiel o zákazníka, je potrebné integrovať čo najviac služieb a tovarov. Dobitie kreditu v telefóne či platba poštových poukážok je dnes už na mnohých miestach štandardom. Aké doplnkové služby ešte ponúknuť zákazníkovi, aby obchodník držal krok s dobou. 
610 2 0 |a spokojnosť zákazníkov 
610 2 0 |a lojálnosť zákazníkov 
610 2 0 |a služby doplnkové 
610 2 0 |a podpora predaja 
610 2 0 |a maloobchod 
100 1 |a Kapitán, Peter